| 000 | 00601cam a2200181 i 4500 | ||
|---|---|---|---|
| 005 | 20251216085405.0 | ||
| 008 | 250721s1993 jo gr 000 0 ara d | ||
| 082 | 1 | 4 |
_a216.9 _bد ق س |
| 100 | 1 |
_aالدقس، كامل _eمؤلف. |
|
| 245 | 1 | 2 |
_aالدولة الاسلامية / _cدكتور كامل الدقس. |
| 250 | _aالطبعة الأولى. | ||
| 264 | 3 | 1 |
_aعمان : _bمكتبة دار الأرقم، _c1993. |
| 300 | _a542 صفحة. | ||
| 650 | 1 | 7 | _aالبلدان الاسلامية. |
| 650 | 1 | 7 | _aالاحكام السلطانية. |
| 942 |
_2ddc _cBK |
||
| 999 |
_c3648 _d3648 |
||